Evénements du 9 novembre - Statistiques

Statistiques générales
  • Ce quiz a été pris 44 fois
  • Le résultat moyen est 9 sur 15
Statistiques - réponses
Hint Réponse % Correct
Chute du mur de Berlin 1989
94%
Nuit de cristal, pogrom, en Allemagne 1938
89%
Coup d'état du 18 brumaire par Napoléon Bonaparte 1799
83%
Mort du général de Gaulle 1970
77%
Mort d'Yves Montand 1991
74%
Abdication de l'empereur Guillaume II en Allemagne et mort de Guillaume Apollinaire, poète 1918
69%
1 188 personnes tentent de battre le record Guinness du big kiss à Paris 2006
69%
Naissance de Raymond Devos 1922
60%
Premier vol de Saturn V 1967
60%
Indépendance du Cambodge 1953
51%
Naissance de Romain Bardet, cycliste 1990
49%
Naissance de la Mère Denis, lavandière 1893
43%
Naissance d'Ivan Tourgueniev, écrivain 1818
31%
Naissance de Jean Monnet, un des fondateurs de l'Europe 1888
29%
Naissance d'Edouard VII d'Angleterre 1841
23%
Aucun quiz correspondant
Distribution des résultats
% des personnes avec chaque résultat
Percentile par nombre de réponses
Votre historique - résultats
Vous n’avez pas pris ce quiz